00322 2200121 4500001002100000005001500021035002400036090002000060245005200080260002600132300003200158990001000190YOGYA00000000007526520140823091903 0010-081400000074982 a711.6 Bud A (1) aArsitektur Dan Kota Di IndonesiacEko Budiharjo aBandungbAlumnic1983 axii, 148 hlm.bilus.c21cm. a571-P